| 000 | 02118nam a2200349 i 4500 | ||
|---|---|---|---|
| 003 | EG-GICUC | ||
| 005 | 20260513130322.0 | ||
| 008 | 260513s1996 ua ||||fr|||| 00| 0 ara d | ||
| 017 | _a11/11368 | ||
| 020 | _a9770418366 | ||
| 040 |
_a EG-GICUC _bara _c EG-GICUC _d EG-GICUC _erda |
||
| 041 | 0 |
_aara _hara |
|
| 082 | 0 | 4 |
_221 _a343.471 _bأ ش . ش |
| 092 | 0 | 4 | _221 |
| 099 | _aLaw1 10 343.471 أ ش . ش 1996 | ||
| 100 | 0 |
_aأشرف توفيق شمس الدين _eمؤلف. |
|
| 245 | 1 | 0 |
_aشرح قانون توجيه وتنظيم أعمال البناء من الوجهة الجنائية والمدنية والإدارية / _cتأليف الدكتور أشرف توفيق شمس الدين. |
| 264 | 1 |
_aلا يوجد مكان للنشر محدد : _bلا يوجد ناشر محدد، _c1996. |
|
| 300 |
_a217 صفحة ; _c24 سم. _bإيضاحيات، صور، مثيليات ؛ |
||
| 336 |
_2rda content _atext |
||
| 337 |
_2rda media _aComputer |
||
| 338 |
_2rda carrier _aOnline Resource |
||
| 504 | _aيشتمل على إرجاعات ببليوجرافية. | ||
| 505 | _aيشمل هذا المؤلف : دراسة تفصيلية الأحكام القانون ١٠٦ لسنة ١٩٧٩ بشأن توجيه وتنظيم أعمال البناء وتعديلاته المختلفة حتى القانون ١٠١ لسنة ١٩٩٩ ولائحته التنفيذية الصادرة بالقرار الوزاري ۲۲۸ لسنة ١٩٩٦ من الوجهة الإدارية والمدنية دراسة تفصيلية الجراف المباني في قانون المياني والأمر العسكري رقم 7 السنة ١٩٩٦، في ضوء الفقه وأحكام القضاء والدفوع المثارة فيها وتسبيب الحكم الصادر بالإدانة | ||
| 546 | _aالنص باللغة العربية | ||
| 650 | 1 | 4 |
_aالقانون الجنائي _2qrmak |
| 650 | 1 | 4 |
_aالتشريعات المتعلقة بالمباني والإسكان _2qrmak |
| 651 | 1 | _2qrmak | |
| 856 | 4 | 0 | _uhttps://fll.law.cu.edu.eg/fulltext/bks/B10-12095.pdf |
| 905 | _a43 | ||
| 942 |
_2ddc _cBK _e21 _n0 |
||
| 999 |
_c76743 _d76743 |
||